| 000 | 00384nam a2200157 a 4500 | ||
|---|---|---|---|
| 001 | 0459 | ||
| 005 | 20140414131919.0 | ||
| 008 | 040117s19uu xx 00 eng d | ||
| 050 |
_aER _bM99 1999 |
||
| 245 | _aMy tall book of colors. | ||
| 260 |
_aNew York : _bPlaymore, _c1999. |
||
| 300 | _ap. ; cm. | ||
| 650 |
_aColors _xFiction. |
||
| 650 | _aChildren stories. | ||
| 999 |
_c111637 _d111637 |
||